Black Clover Squad Captains - Statistics

General Stats
  • This quiz has been taken 327 times
  • The average score is 4 of 9
Answer Stats
Hint Answer % Correct
Black Bulls Yami Sukehiro
90%
Golden Dawn William Vangeance
71%
Silver Eagles Nozel Silva
70%
Crimson Lions Fuegoleon Vermillion
61%
Blue Roses Charlotte Roselei
51%
Green Mantises Jack the Ripper
45%
Coral Peacocks Dorothy Unsworth
44%
Purple Orcas Kaiser Granvorka
9%
Azure Deer Rill Boismorter
6%
No matching quizzes found
Score Distribution
Percent of People with Each Score
Percentile by Number Answered
Your Score History
You have not taken this quiz